Paroles Les super-pouvoirs pourris-Aldebert - Statistiques

Statistiques générales
  • Ce quiz a été pris 33 fois
  • Le résultat moyen est 208 sur 330
Statistiques - réponses
Réponse % Correct
pouvoir
95%
à
90%
A
90%
de
90%
De
90%
Le
90%
le
90%
M
90%
me
90%
mes
90%
super
90%
Super
90%
dans
85%
des
85%
Des
85%
en
85%
Et
85%
et
85%
Etre
85%
je
85%
Je
85%
la
85%
par
85%
peu
85%
quand
85%
X-men
85%
ça
80%
été
80%
invisible
80%
les
80%
Lire
80%
Manger
80%
mon
80%
pensées
80%
propres
80%
Que
80%
que
80%
un
80%
ce
75%
c'est
75%
C'est
75%
crève
75%
Mais
75%
mais
75%
mate
75%
personne
75%
peux
75%
pourris
75%
quatre
75%
quoi
75%
rien
75%
se
75%
sur
75%
tout
75%
Tout
75%
vanille
75%
au
70%
Choper
70%
Danettes
70%
Déplacer
70%
du
70%
d'un
70%
exemple
70%
70%
hiver
70%
Moi
70%
monde
70%
objets
70%
On
70%
on
70%
qu'en
70%
son
70%
tonton
70%
touchant
70%
verre
70%
ainsi
65%
car
65%
Car
65%
charrie
65%
comme
65%
d'une
65%
elle
65%
faire
65%
Faire
65%
heure
65%
l'eau
65%
marre
65%
moque
65%
Reculer
65%
sont
65%
toi
65%
une
65%
est
60%
gèle
60%
il
60%
Il
60%
Marcher
60%
nous
60%
qui
60%
tu
60%
vie
60%
Voir
60%
coccinelles
55%
demain
55%
devient
55%
dire
55%
gros
55%
jour
55%
j'peux
55%
maintenant
55%
murs
55%
pâté
55%
plus
55%
quel
55%
super-pouvoirs
55%
tard
55%
travers
55%
vert
55%
veut
55%
vous
55%
bagnoles
50%
mort
50%
n'veu
50%
odeur
50%
ou
50%
peut
50%
Repousser
50%
ressemble
50%
rotant
50%
serai
50%
Synthétiser
50%
T'as
50%
vachement
50%
wonder
50%
avec
45%
Avec
45%
base
45%
Changer
45%
docteur
45%
droit
45%
fourmis
45%
humain
45%
l'acier
45%
l'apparence
45%
métal
45%
Piqué
45%
Prendre
45%
sauter
45%
secrète
45%
serons
45%
soupe
45%
t'es
45%
ultra
45%
araignée
40%
Batman
40%
Ben
40%
Biophysicien
40%
Génétiquement
40%
grosse
40%
j'ai
40%
lait
40%
lancer
40%
loin
40%
lui
40%
modifiée
40%
porter
40%
Prédire
40%
sandales
40%
shuriken
40%
swag
40%
tartines
40%
toaster
40%
Trouver
40%
verrez
40%
vois
40%
accidentelle
35%
Cherche
35%
Cocktail
35%
contrarié
35%
débarrasserai
35%
forces
35%
homme
35%
l'homme
35%
Maurice
35%
moyen
35%
New-York
35%
nul
35%
possède
35%
puis
35%
réveiller
35%
selfie
35%
super-héros
35%
surdose
35%
survolerai
35%
Bientôt
30%
chaque
30%
chelou
30%
cinq
30%
composition
30%
costume
30%
fait
30%
gammmmma
30%
Kryptonite
30%
organisme
30%
Ray Ban
30%
rejetons
30%
Banner
25%
chez
25%
chimique
25%
immondes
25%
l'américaine
25%
Open-bar
25%
rayons
25%
sockettes
25%
thermique
25%
tranquilou
25%
Vengeur
25%
Bouleverse
20%
Hier
20%
latentes
20%
vision
20%
D'aucuns
15%
diraient
15%
super-bouffons
10%
Aucun quiz correspondant
Distribution des résultats
% des personnes avec chaque résultat
Percentile par nombre de réponses
Votre historique - résultats
Vous n’avez pas pris ce quiz